000
00286nam a22001337a 4500
008
180131b xxu||||| |||| 00| 0 eng d
020
_a
625863001
041
_a
eng
080
_a
610
100
_a
4
101
_a
SHM
245
_a
Health & Physical Fitness
_c
Marley
942
_2
udc
_c
BK
999
_c
41325
_d
41325